000 00362nam a22001457a 4500
005 20250604090135.0
008 250604b |||||||| |||| 00| 0 eng d
020 _a9780851119953
050 _aBV4011
_b.3 FER
100 _aFERNANDO AJITH
245 _aJESUS DRIVEN MINISTRY;
260 _aUSA
_bINTER-VARSITY PRESS
_cc2002
300 _a255p
942 _2lcc
_cBK
_n0
999 _c6241
_d6241